[Event "EU-ch Amateur U2000"]
[Site "Zagreb"]
[Date "2022.08.21"]
[Round "9"]
[White "Trepsic, Zvonimir"]
[Black "Roch, Florian"]
[Result "0-1"]
[WhiteElo "1789"]
[BlackElo "1915"]
[PlyCount "64"]
[EventDate "2022.08.14"]
[EventType "swiss"]
[EventRounds "9"]
[EventCountry "CRO"]
[SourceTitle "CBM 210 Extra"]
[Source "ChessBase"]
[SourceDate "2022.11.30"]
[SourceVersion "1"]
[SourceVersionDate "2022.11.30"]
[SourceQuality "1"]

1. e4 c5 2. Nf3 d6 3. d4 cxd4 4. Nxd4 Nf6 5. Nc3 a6 6. Bg5 e6 7. f4 Be7 8. Qf3 Qc7 9. 0-0-0 Nbd7 10. g4 h6 11. Bxf6 Bxf6 12. h4 Nb6 13. g5 Bxd4 14. Rxd4 Qc5 15. Rd2 Bd7 16. Be2 Na4 17. Nxa4 Bxa4 18. Rhd1 0-0-0 19. b3 Bc6 20. Rd4 Kb8 21. Qg3 hxg5 22. hxg5 Rh1 23. Qd3 Rxd1+ 24. Bxd1 e5 25. fxe5 Qxe5 26. Qe3 Re8 27. Bf3 d5 28. Rb4 dxe4 29. Qb6 exf3 30. Qxc6 Qa1+ 31. Kd2 Qe1+ 32. Kd3 Rd8+ 0-1

[Event "EU-ch Amateur U2000"]
[Site "Zagreb"]
[Date "2022.08.17"]
[Round "5"]
[White "Trepsic, Zvonimir"]
[Black "Alashtar, Asef"]
[Result "0-1"]
[WhiteElo "1789"]
[BlackElo "1995"]
[PlyCount "96"]
[EventDate "2022.08.14"]
[EventType "swiss"]
[EventRounds "9"]
[EventCountry "CRO"]
[SourceTitle "CBM 210 Extra"]
[Source "ChessBase"]
[SourceDate "2022.11.30"]
[SourceVersion "1"]
[SourceVersionDate "2022.11.30"]
[SourceQuality "1"]

1. e4 e6 2. d3 b6 3. g3 Bb7 4. Bg2 d5 5. Nd2 c5 6. Ngf3 Nf6 7. e5 Nfd7 8. 0-0 Nc6 9. Re1 Qc7 10. Qe2 g6 11. Nf1 Bg7 12. Bf4 h6 13. h4 Ne7 14. N1h2 Bc6 15. Ng4 Qb7 16. c3 0-0-0 17. d4 Nf5 18. Ne3 Nxe3 19. Qxe3 c4 20. Nh2 Kb8 21. Ng4 h5 22. Nh2 Ka8 23. Nf3 b5 24. Bg5 Rc8 25. Qd2 Nb6 26. Bf1 Qd7 27. Be2 a6 28. Bd1 Kb7 29. Bc2 Rhg8 30. Re3 Bf8 31. Bf6 a5 32. Ng5 Bg7 33. Bxg7 Rxg7 34. Rf3 Qe7 35. Qf4 Rc7 36. Re1 Be8 37. Nh3 Rg8 38. Qh6 b4 39. Qh7 Qf8 40. Bxg6 Rh8 41. Ng5 Rxh7 42. Bxh7 Qe7 43. Rf6 bxc3 44. bxc3 Qa3 45. Re3 Qxa2 46. Rh6 a4 47. Rxh5 Qa1+ 48. Kg2 a3 0-1

[Event "Osijek op 10th"]
[Site "Osijek"]
[Date "2017.02.26"]
[Round "7"]
[White "Mutapcic, Ilija"]
[Black "Trepsic, Zvonimir"]
[Result "0-1"]
[WhiteElo "1817"]
[BlackElo "1657"]
[PlyCount "76"]
[EventDate "2017.02.23"]
[EventType "swiss"]
[EventRounds "7"]
[EventCountry "CRO"]
[SourceTitle "EXT 2019"]
[Source "ChessBase"]
[SourceDate "2018.10.10"]
[SourceVersion "1"]
[SourceVersionDate "2018.10.10"]
[SourceQuality "1"]

1. f4 d5 2. Nf3 Nf6 3. e3 c5 4. Be2 Nc6 5. b3 e6 6. Bb2 Be7 7. d3 0-0 8. Nbd2 Ng4 9. Nf1 d4 10. e4 Qa5+ 11. Qd2 Nb4 12. Bd1 Ne3 13. c3 Nxg2+ 14. Kf2 dxc3 15. Bxc3 Nxf4 16. Bxb4 Nxd3+ 17. Qxd3 cxb4 18. Ne3 Bf6 19. e5 Bxe5 20. Bc2 g6 21. Nxe5 Qxe5 22. Rae1 Qf4+ 23. Ke2 e5 24. Ref1 Qh4 25. h3 Be6 26. Qe4 Qh5+ 27. Ke1 Rac8 28. Qxb4 Rfd8 29. Bd1 Qg5 30. Ng4 Bxg4 31. Qxg4 Qe3+ 32. Qe2 Qc3+ 33. Kf2 Rd2 34. Qxd2 Qxd2+ 35. Be2 Rc2 36. Re1 Qf4+ 37. Kg2 Qe3 38. Kf1 Rxe2 0-1